000 00722nam a22001817a 4500
003 UA-OsUOA
001 14739
007 ta
008 20031018b un ||||| |||| 00| 0 ukr d
100 _aВоловодік В.
942 _cSA
040 _aUA-OsUOA
_cUA-OsUOA
_dUA-OsUOA
245 _aПервинні організації-основа партії
_b[Другий секретар Рівнен. обл. ком. СПУ В.Воловодік розповідає про Рівнен. обл. орг. Соц. партії України]
300 _aС.2
955 _a0
773 0 _w0
_tРівненський діалог
_dРівне
_d2003
_g№29/26 верес./
650 7 _aКраєзнавча робота
_2UDC
999 _c300903
_d300903